Evaluation of effects of the legal and institutional framework provisions on gender based violence in Zambian secondary schools: a case of Ndola district (Record no. 230)

MARC details
000 -LEADER
fixed length control field 00815nam a2200181 a 4500
008 - FIXED-LENGTH DATA ELEMENTS--GENERAL INFORMATION
fixed length control field 160919s2015 ||||||||||||||||| || u
050 ## - LIBRARY OF CONGRESS CALL NUMBER
Classification number CBU-PG THESIS/SII
100 ## - MAIN ENTRY--PERSONAL NAME
Personal name Siingwa, John Learnon
245 10 - TITLE STATEMENT
Title Evaluation of effects of the legal and institutional framework provisions on gender based violence in Zambian secondary schools: a case of Ndola district
Statement of responsibility, etc. by John Learnon Siingwa
260 ## - PUBLICATION, DISTRIBUTION, ETC.
Place of publication, distribution, etc. Kitwe
Name of publisher, distributor, etc. Copperbelt University
Date of publication, distribution, etc. 2015
300 ## - PHYSICAL DESCRIPTION
Extent xiii, 122p.: ill.
500 ## - GENERAL NOTE
General note Bibliography
650 #0 - SUBJECT ADDED ENTRY--TOPICAL TERM
Topical term or geographic name entry element WOMEN'S RIGHTS
650 ## - SUBJECT ADDED ENTRY--TOPICAL TERM
Topical term or geographic name entry element GENDER BASED VIOLENCE--ZAMBIA
650 ## - SUBJECT ADDED ENTRY--TOPICAL TERM
Topical term or geographic name entry element HUMAN RIGHTS ADVOCACY--ZAMBIA
650 ## - SUBJECT ADDED ENTRY--TOPICAL TERM
Topical term or geographic name entry element GENDER DISCRIMINATION--ZAMBIA
995 ## -
-- SPECIAL COLLECTIONS
-- 746626
-- CBU-DAG HAMMARSKJOLD INSTITUTE LIBRARY
-- CBU-PG THESIS/SII
-- 1
-- AVAILABLE
-- Sep 19, 2016
-- B2358
-- University Collection
999 ## -
-- 230
-- 230
Holdings
Withdrawn status Lost status Source of classification or shelving scheme Damaged status Not for loan Permanent Location Current Location Shelving location Date acquired Total Checkouts Full call number Barcode Date last seen Price effective from Koha item type
          CBU-DAG HAMMARSKJOLD INSTITUTE CBU-DAG HAMMARSKJOLD INSTITUTE   11/28/2022   CBU-PG THESIS/SII B2358 11/28/2022 11/28/2022 MONOGRAPH